<?xml version="1.0" encoding="UTF-8"?>
<collection xmlns="http://www.loc.gov/MARC21/slim">
 <record>
  <leader>00941nam a22002535a 4500</leader>
  <controlfield tag="001">CEM.cems013205</controlfield>
  <controlfield tag="005">20091104093546.0</controlfield>
  <controlfield tag="008">130507s2002##################000#0#####d</controlfield>
  <controlfield tag="003">CEMS</controlfield>
  <datafield tag="020" ind1=" " ind2=" ">
   <subfield code="a">9875502162</subfield>
  </datafield>
  <datafield tag="082" ind1="0" ind2="4">
   <subfield code="a">Z468</subfield>
  </datafield>
  <datafield tag="100" ind1="1" ind2=" ">
   <subfield code="a">Galdeano, Ana</subfield>
  </datafield>
  <datafield tag="245" ind1="1" ind2="0">
   <subfield code="a">Lengua 9 /</subfield>
   <subfield code="c">Ana Galdeano, Pablo Leona y Violeta Mazer ; coordinado Por Ana Atorresi y Santiago Gándara</subfield>
  </datafield>
  <datafield tag="260" ind1=" " ind2=" ">
   <subfield code="a">Buenos Aires :</subfield>
   <subfield code="b">Longseller,</subfield>
   <subfield code="c">2002</subfield>
  </datafield>
  <datafield tag="300" ind1=" " ind2=" ">
   <subfield code="a">200 p. + El ojo 9no.</subfield>
  </datafield>
  <datafield tag="500" ind1=" " ind2=" ">
   <subfield code="a">Para nivel 9no Educación General Básica</subfield>
  </datafield>
  <datafield tag="505" ind1="0" ind2=" ">
   <subfield code="a">La narración -- La descripción -- La argumentación -- La conversación -- Texto, género y tipo textual -- El léxico -- La síntaxis -- El diccionario</subfield>
  </datafield>
  <datafield tag="653" ind1=" " ind2=" ">
   <subfield code="a">Lengua</subfield>
  </datafield>
  <datafield tag="653" ind1=" " ind2=" ">
   <subfield code="a">Lengua-9º egb</subfield>
  </datafield>
  <datafield tag="700" ind1="1" ind2=" ">
   <subfield code="a">Leona, Pablo</subfield>
  </datafield>
  <datafield tag="700" ind1="1" ind2=" ">
   <subfield code="a">Mazer, Violeta</subfield>
  </datafield>
  <datafield tag="700" ind1="1" ind2=" ">
   <subfield code="a">Atorresi, Ana, coord.</subfield>
  </datafield>
  <datafield tag="700" ind1="1" ind2=" ">
   <subfield code="a">Gándara, Santiago, coord.</subfield>
  </datafield>
  <datafield tag="859" ind1=" " ind2=" ">
   <subfield code="a">CEMS</subfield>
   <subfield code="b">BIB. CEMS - 11 de abril</subfield>
   <subfield code="h">Z468</subfield>
   <subfield code="i">G149</subfield>
   <subfield code="p">25683.09</subfield>
   <subfield code="t">Ej.1</subfield>
   <subfield code="v">9</subfield>
   <subfield code="3">9</subfield>
  </datafield>
 </record>
</collection>
